=LDR 00000nam 2200000 4500 =001 INLIS000000000027965 =005 20130612130313 =008 ***********************************ind** =035 ##$$0010-061300000027965 =041 ##$$a ind =082 ##$$a 028.5 =090 ##$$a 028.5, WAR p =100 ##$$a Wardhana, Eka =245 ##$$a Pangeran Kecil Bunda, Eka Wardhana =260 ##$$a 2004 $b Bandung =300 ##$$a 16 hlm., ilus., 28 cm =650 ##$$a Cerita Anak Islami =850 ##$$a NBPNMAT